| 000 | 00860 a2200169 4500 | ||
|---|---|---|---|
| 020 | _a9780784410592 | ||
| 020 | _a0784410593 | ||
| 082 | _a629.040286 PUL | ||
| 245 |
_aTransportation, land use, planning, and air quality : _bselected papers of the 2009 Transportation Planning, Land Use, Planning, and Air Quality Conference, July 28-29, 2009, Denver, Colorado / _csponsored by the Transportation & Development Institute (T & DI) of the American Society of Civil Engineers ... [et al.] ; edited by Srinivas Pulugurtha. |
||
| 260 |
_aReston, Va. : _bAmerican Society of Civil Engineers, _c2009. |
||
| 300 |
_avi, 163 p. : _bill., maps ; _c22 cm. |
||
| 650 |
_aTransportation _xEnvironmental aspects |
||
| 650 |
_aLand use _xEnvironmental aspects |
||
| 650 | _aAir quality management | ||
| 650 |
_aAir _xPollution |
||
| 650 |
_aTransportation _xPlanning |
||
| 650 | _aTransportation engineering | ||
| 999 |
_c2304 _d2304 |
||